| 000 | 00474pab a2200169 454500 | ||
|---|---|---|---|
| 008 | 180718b2017 xxu||||| |||| 00| 0 eng d | ||
| 100 | _aBawa, R.S. | ||
| 245 | _aHigher education in India since independence: performance and perspectives | ||
| 260 | _c2017 | ||
| 300 | _ap.55-62. | ||
| 362 | _a30 Jan | ||
| 650 | _aHigher education - India | ||
| 650 | _aAcademic achievement - India | ||
| 650 | _aAcademic achievement | ||
| 773 | _aUniversity News | ||
| 909 | _a113764 | ||
| 999 |
_c113758 _d113758 |
||